| 000 | 00726nam a2200229Ia 4500 | ||
|---|---|---|---|
| 008 | 191130s2010##################000#0#eng## | ||
| 020 | _a9780415403382 | ||
| 022 | _a2008044854 | ||
| 040 |
_aACL _cACL |
||
| 082 | _a420.9 MAY | ||
| 245 |
_aThe Routledge companion to English language studies _cedited by Janet Maybin and Joan Swann |
||
| 260 |
_aNew York _bRoutledge _c2010 |
||
| 300 | _axii, 324 p. : ill., maps ; 24 cm | ||
| 500 | _aIncludes bibliographical references and index | ||
| 650 | _aEnglish language - History | ||
| 650 | _aEnglish language - Study and teaching | ||
| 700 | _aMaybin, Janet | ||
| 700 | _aSwann, Joan | ||
| 990 | _afd65353bac10000c4bebcc1bb169cf79 | ||
| 991 | _a385608 | ||
| 999 |
_c68327 _d68327 |
||